A legszebb tudomány

Elmentve itt :
Bibliográfiai részletek
Szerző: Erdélyi László
Dokumentumtípus: Könyv
Megjelent: Erdélyi László Szeged, Magyarország 1924
Kiadás:2., átdolg. kiad.
Kulcsszavak:Teológia, Vallásfilozófia
Tárgyszavak:
Online Access:http://misc.bibl.u-szeged.hu/57737
LEADER 00742nam a2200217 i 4500
001 misc57737
005 20210516092210.0
008 210516s1924 hu o 0|| hun d
040 |a SZTE Miscellanea Repozitórium  |b hun 
041 |a hun 
100 1 |a Erdélyi László 
245 1 2 |a A legszebb tudomány  |h [elektronikus dokumentum] /  |c  Erdélyi László 
260 |a Erdélyi László  |b Szeged, Magyarország  |c 1924 
250 |a 2., átdolg. kiad. 
300 |a 101 p.  |c 15 cm 
650 4 |a Bölcsészettudományok 
650 4 |a Filozófia, etika és vallástudományok 
650 4 |a Teológia 
650 4 |a Vallástudományok 
695 |a Teológia, Vallásfilozófia 
856 4 0 |u http://misc.bibl.u-szeged.hu/57737/1/xa_158376.pdf  |z Dokumentum-elérés